<?xml version="1.0" encoding="UTF-8"?>
<collection xmlns="http://www.loc.gov/MARC21/slim">
 <record>
  <leader>01511nam a2200205Ia 4500</leader>
  <controlfield tag="001">CTU_152870</controlfield>
  <controlfield tag="008">210402s9999    xx            000 0 und d</controlfield>
  <datafield tag="020" ind1=" " ind2=" ">
   <subfield code="c">165000</subfield>
  </datafield>
  <datafield tag="082" ind1=" " ind2=" ">
   <subfield code="a">690.0218</subfield>
  </datafield>
  <datafield tag="082" ind1=" " ind2=" ">
   <subfield code="b">B454</subfield>
  </datafield>
  <datafield tag="245" ind1=" " ind2="0">
   <subfield code="a">41 tiêu chuẩn quốc gia Việt Nam :</subfield>
  </datafield>
  <datafield tag="245" ind1=" " ind2="0">
   <subfield code="b">Vật liệu kim loại, ổ lăn, dụng cụ điện cầm tay, thép làm cốt bê tông</subfield>
  </datafield>
  <datafield tag="260" ind1=" " ind2=" ">
   <subfield code="a">Hà Nội</subfield>
  </datafield>
  <datafield tag="260" ind1=" " ind2=" ">
   <subfield code="b">Lao động</subfield>
  </datafield>
  <datafield tag="260" ind1=" " ind2=" ">
   <subfield code="c">2010</subfield>
  </datafield>
  <datafield tag="520" ind1=" " ind2=" ">
   <subfield code="a">Nội dung tài liệu trình bày 41 tiêu chuẩn quốc gia, được phân chia trong 4 phần: Tiêu chuẩn quốc gia về ổ lăn: TCVN 1481:2009; 1484:2009; 1505:2009; 1506:2009; 3776:2009; 8028-1:2009; 8028-2:2009; 8029:2009 đến 8038:2009. Tiêu chuẩn quốc gia về xi măng và thép làm cốt bê tông: TCVN 4787:2009; 1811:2009; 7934:2009; 7935:2009; 7936:2009; 7937-1:2009; 7937-2:2009, 7937-3:2009; 7938:2009; 8163:2009.  Tiêu chuẩn quốc gia về vật liệu kim loại. Tiêu chuẩn quốc gia về dụng cụ điện cầm tay truyền động bằng động cơ. Ngoài ra  còn có phần phụ lục hướng dẫn áp dụng tiêu chuẩn nước ngoài: Thông tư 40/2009/TT-BXD ngày 9-12-2009.</subfield>
  </datafield>
  <datafield tag="650" ind1=" " ind2=" ">
   <subfield code="a">Standards, engineering,Tiêu chuẩn xây dựng</subfield>
  </datafield>
  <datafield tag="650" ind1=" " ind2=" ">
   <subfield code="z">Vietnam,Việt Nam</subfield>
  </datafield>
  <datafield tag="904" ind1=" " ind2=" ">
   <subfield code="i">Duy Bằng</subfield>
  </datafield>
  <datafield tag="980" ind1=" " ind2=" ">
   <subfield code="a">Trung tâm Học liệu Trường Đại học Cần Thơ</subfield>
  </datafield>
 </record>
</collection>
